| 000 | 00667nam a2200241 a 4500 | ||
|---|---|---|---|
| 005 | 20210219153514.0 | ||
| 008 | 991125n 000 0 eng u | ||
| 035 | _aUPN01000103714 | ||
| 100 | _aAllington, Richard L. | ||
| 222 | _aEDUCATIONAL POLICY | ||
| 245 | _aUnintended effects of educational reform in New York | ||
| 300 | _a397-414 | ||
| 362 | _a1992 6, no. 4 | ||
| 653 | 0 | _aCAMBIO EDUCATIVO | |
| 653 | 0 | _aDEFICIENCIAS ESCOLARES | |
| 653 | 0 | _aEFECTIVIDAD ESCOLAR | |
| 653 | 0 | _aIDENTIFICACION | |
| 653 | 0 | _aPROGRAMAS TERAPEUTICOS | |
| 653 | 0 | _aREPETICION DE CURSO | |
| 700 | _aMcGill-Franzen, Anne | ||
| 904 |
_aAC _b041525 |
||
| 905 | _aArticulo | ||
| 999 |
_c78701 _d78701 |
||